<?xml version="1.0" encoding="UTF-8"?>
<collection xmlns="http://www.loc.gov/MARC21/slim">
<record>
  <controlfield tag="001">171802</controlfield>
  <controlfield tag="005">20260603114408.0</controlfield>
  <datafield tag="024" ind1="7" ind2=" ">
    <subfield code="2">doi</subfield>
    <subfield code="a">10.1007/s10389-026-02798-w</subfield>
  </datafield>
  <datafield tag="024" ind1="8" ind2=" ">
    <subfield code="2">sideral</subfield>
    <subfield code="a">149526</subfield>
  </datafield>
  <datafield tag="037" ind1=" " ind2=" ">
    <subfield code="a">ART-2026-149526</subfield>
  </datafield>
  <datafield tag="041" ind1=" " ind2=" ">
    <subfield code="a">eng</subfield>
  </datafield>
  <datafield tag="100" ind1=" " ind2=" ">
    <subfield code="a">Civiriain-San Miguel, Leticia</subfield>
  </datafield>
  <datafield tag="245" ind1=" " ind2=" ">
    <subfield code="a">Attitudes towards the sexuality of older adults: a comparison between health and social care professionals and people aged 65 years and over</subfield>
  </datafield>
  <datafield tag="260" ind1=" " ind2=" ">
    <subfield code="c">2026</subfield>
  </datafield>
  <datafield tag="520" ind1="3" ind2=" ">
    <subfield code="a">Background
Sexuality in older adults usually remains within the sphere of personal intimacy and rarely receives specific attention. Health and social care sectors play a key role in creating safe environments that facilitate its expression. Professionals’ attitudes influence the quality of care, while older people’s attitudes condition their experience of sexuality. This study aimed to compare attitudes towards sexuality in later life between health and social care professionals and people aged 65 years and over, as well as to analyse factors associated with attitudes among professionals.
                  
Methods
A cross-sectional study (May 2022–December 2023) was conducted in Aragón (Spain), including 370 participants in the retired group and 333 in the socio-sanitary worker group. The Attitudes towards Sexuality in Old Age Questionnaire (CASV-14) and a sociodemographic questionnaire were administered. Descriptive analyses of CASV-14 scores were performed in both groups. In the socio-sanitary worker group, internal consistency, floor and ceiling effects, minimal detectable change, and regression models were analysed to explore predictors of attitudes.
                  
Results
The retired group showed higher total CASV-14 scores than the socio-sanitary worker group (31.35 ± 7.30 vs. 27.19 ± 5.78; p 0.001), suggesting a greater presence of myths and limiting perceptions regarding sexuality in later life. Items related to chronic illness, medical treatments, and physiological changes were perceived as more limiting in both groups. The CASV-14 showed high internal consistency for the total score among socio-sanitary workers (Cronbach’s α = 0.888), with lower reliability in the rights and limitations dimension (α = 0.624). Multivariable analyses indicated that being a socio-sanitary professional and having a university education were associated with lower CASV-14 scores, whereas religious beliefs were associated with higher scores. However, the proportion of variance explained by the models was low. 
                  
Conclusions
Both the retired group and the socio-sanitary worker group showed generally favourable attitudes towards sexuality in later life, although the retired group reported more limiting perceptions. These findings highlight the importance of addressing sexuality as a key component of well-being in later life and support the need for educational initiatives aimed at reducing myths and strengthening professionals’ capacity to address sexual health in ageing populations.</subfield>
  </datafield>
  <datafield tag="506" ind1="0" ind2=" ">
    <subfield code="a">Access copy available to the general public</subfield>
    <subfield code="f">Unrestricted</subfield>
  </datafield>
  <datafield tag="540" ind1=" " ind2=" ">
    <subfield code="9">info:eu-repo/semantics/openAccess</subfield>
    <subfield code="a">by</subfield>
    <subfield code="u">https://creativecommons.org/licenses/by/4.0/deed.es</subfield>
  </datafield>
  <datafield tag="655" ind1=" " ind2="4">
    <subfield code="a">info:eu-repo/semantics/article</subfield>
    <subfield code="v">info:eu-repo/semantics/publishedVersion</subfield>
  </datafield>
  <datafield tag="700" ind1=" " ind2=" ">
    <subfield code="a">Suarez-Serrano, Carmen</subfield>
  </datafield>
  <datafield tag="700" ind1=" " ind2=" ">
    <subfield code="a">Usón-Lucea, Sonia</subfield>
  </datafield>
  <datafield tag="700" ind1=" " ind2=" ">
    <subfield code="a">Meléndez-Oliva, Erika</subfield>
  </datafield>
  <datafield tag="700" ind1=" " ind2=" ">
    <subfield code="a">Sánchez-Romero, Eleuterio A.</subfield>
  </datafield>
  <datafield tag="700" ind1=" " ind2=" ">
    <subfield code="a">Cuenca-Zaldívar, Juan Nicolás</subfield>
  </datafield>
  <datafield tag="700" ind1=" " ind2=" ">
    <subfield code="a">Marcén-Román, Yolanda</subfield>
    <subfield code="u">Universidad de Zaragoza</subfield>
    <subfield code="0">(orcid)0000-0001-5851-8855</subfield>
  </datafield>
  <datafield tag="710" ind1="2" ind2=" ">
    <subfield code="1">1003</subfield>
    <subfield code="2">027</subfield>
    <subfield code="a">Universidad de Zaragoza</subfield>
    <subfield code="b">Dpto. Anatom.Histolog.Humanas</subfield>
    <subfield code="c">Area Anatom.Embriol.Humana</subfield>
  </datafield>
  <datafield tag="773" ind1=" " ind2=" ">
    <subfield code="g">(2026), [12 pp.]</subfield>
    <subfield code="p">J. public health (Berl.)</subfield>
    <subfield code="t">Journal of public health (Berlin)</subfield>
    <subfield code="x">2198-1833</subfield>
  </datafield>
  <datafield tag="856" ind1="4" ind2=" ">
    <subfield code="s">1365180</subfield>
    <subfield code="u">http://zaguan.unizar.es/record/171802/files/texto_completo.pdf</subfield>
    <subfield code="y">Versión publicada</subfield>
  </datafield>
  <datafield tag="856" ind1="4" ind2=" ">
    <subfield code="s">2574775</subfield>
    <subfield code="u">http://zaguan.unizar.es/record/171802/files/texto_completo.jpg?subformat=icon</subfield>
    <subfield code="x">icon</subfield>
    <subfield code="y">Versión publicada</subfield>
  </datafield>
  <datafield tag="909" ind1="C" ind2="O">
    <subfield code="o">oai:zaguan.unizar.es:171802</subfield>
    <subfield code="p">articulos</subfield>
    <subfield code="p">driver</subfield>
  </datafield>
  <datafield tag="951" ind1=" " ind2=" ">
    <subfield code="a">2026-06-03-11:05:39</subfield>
  </datafield>
  <datafield tag="980" ind1=" " ind2=" ">
    <subfield code="a">ARTICLE</subfield>
  </datafield>
</record>
</collection>